Stratégia kvality v rozvoji podnikania

Potreba strategického riadenia kvality. Kvalita ako zdroj podnikateľskej úspešnosti. Proces variantnej stratégie kvality.

Salvato in:
Dettagli Bibliografici
Autore principale: Leščišin, Michal
Natura: Capitolo di libro
Lingua:slovacco
Soggetti:
Tags: Aggiungi Tag
Nessun Tag, puoi essere il primo ad aggiungerne!!

MARC

LEADER 00000naa a2200000 4500
001 0159794
005 20231107080039.9
041 0 |a slo 
044 |a SK 
245 1 0 |a Stratégia kvality v rozvoji podnikania  |c Michal Leščišin 
520 |a Potreba strategického riadenia kvality. Kvalita ako zdroj podnikateľskej úspešnosti. Proces variantnej stratégie kvality. 
610 2 0 |a riadenie strategické 
610 2 0 |a riadenie kvality 
610 2 0 |a stratégia podniková 
610 2 0 |a prostredie podnikateľské 
610 2 0 |a prostredie podnikové 
610 2 0 |a konkurencieschopnosť 
100 1 |a Leščišin, Michal